<?xml version="1.0" encoding="UTF-8"?>
<collection xmlns="http://www.loc.gov/MARC21/slim">
 <record>
  <leader>01246nam a2200313 a 4500</leader>
  <controlfield tag="001">40321</controlfield>
  <controlfield tag="003">BD-DhAAL</controlfield>
  <controlfield tag="005">20230105164558.0</controlfield>
  <controlfield tag="008">221226t19871996ii       b    00000 eng  </controlfield>
  <datafield tag="020" ind1=" " ind2=" ">
   <subfield code="a">9780195626162</subfield>
   <subfield code="c">Rs295.00</subfield>
  </datafield>
  <datafield tag="020" ind1=" " ind2=" ">
   <subfield code="a">0195626168</subfield>
  </datafield>
  <datafield tag="025" ind1=" " ind2=" ">
   <subfield code="a">I E 56409</subfield>
  </datafield>
  <datafield tag="035" ind1=" " ind2=" ">
   <subfield code="a">1650988</subfield>
  </datafield>
  <datafield tag="040" ind1=" " ind2=" ">
   <subfield code="a">ANL</subfield>
   <subfield code="b">eng</subfield>
   <subfield code="d">WCX</subfield>
   <subfield code="d">BD-DhAAL</subfield>
  </datafield>
  <datafield tag="043" ind1=" " ind2=" ">
   <subfield code="a">a-ii---</subfield>
  </datafield>
  <datafield tag="082" ind1="0" ind2="0">
   <subfield code="a">954</subfield>
   <subfield code="2">20</subfield>
  </datafield>
  <datafield tag="100" ind1="1" ind2=" ">
   <subfield code="a">Cohn, Bernard S.,</subfield>
   <subfield code="d">1928-</subfield>
   <subfield code="9">53177</subfield>
  </datafield>
  <datafield tag="245" ind1="1" ind2="3">
   <subfield code="a">An anthropologist among the historians and other essays /</subfield>
   <subfield code="c">Bernard S. Cohn ; with an introduction by Ranajit Guha.</subfield>
  </datafield>
  <datafield tag="260" ind1=" " ind2=" ">
   <subfield code="a">Delhi ;</subfield>
   <subfield code="a">New York :</subfield>
   <subfield code="b">Oxford University Press,</subfield>
   <subfield code="c">1987.[Fourth impression 1996]</subfield>
  </datafield>
  <datafield tag="300" ind1=" " ind2=" ">
   <subfield code="a">xxvi, 682 pages ;</subfield>
   <subfield code="c">22 cm.</subfield>
  </datafield>
  <datafield tag="504" ind1=" " ind2=" ">
   <subfield code="a">Includes bibliographies.</subfield>
  </datafield>
  <datafield tag="520" ind1=" " ind2=" ">
   <subfield code="a">On the civilization and socioeconomic conditions of India; articles.</subfield>
  </datafield>
  <datafield tag="541" ind1=" " ind2=" ">
   <subfield code="a">Donated by Akbar Ali Khan</subfield>
   <subfield code="e">40321</subfield>
  </datafield>
  <datafield tag="651" ind1=" " ind2="0">
   <subfield code="a">India</subfield>
   <subfield code="x">Civilization.</subfield>
   <subfield code="9">53178</subfield>
  </datafield>
  <datafield tag="651" ind1=" " ind2="0">
   <subfield code="a">India</subfield>
   <subfield code="x">Social conditions.</subfield>
   <subfield code="9">53179</subfield>
  </datafield>
  <datafield tag="852" ind1=" " ind2=" ">
   <subfield code="a">Ayesha Abed Library</subfield>
   <subfield code="c">Akbar Ali Khan Collection</subfield>
  </datafield>
  <datafield tag="942" ind1=" " ind2=" ">
   <subfield code="2">ddc</subfield>
   <subfield code="c">BK</subfield>
  </datafield>
  <datafield tag="999" ind1=" " ind2=" ">
   <subfield code="c">45274</subfield>
   <subfield code="d">45274</subfield>
  </datafield>
  <datafield tag="952" ind1=" " ind2=" ">
   <subfield code="0">0</subfield>
   <subfield code="1">0</subfield>
   <subfield code="2">ddc</subfield>
   <subfield code="4">0</subfield>
   <subfield code="6">954_000000000000000_COH</subfield>
   <subfield code="7">1</subfield>
   <subfield code="9">72578</subfield>
   <subfield code="a">BRACUL</subfield>
   <subfield code="b">BRACUL</subfield>
   <subfield code="c">AAKC</subfield>
   <subfield code="d">2022-12-26</subfield>
   <subfield code="e">Donated by Akbar Ali Khan</subfield>
   <subfield code="g">377.32</subfield>
   <subfield code="l">0</subfield>
   <subfield code="o">954 COH</subfield>
   <subfield code="p">3010040321</subfield>
   <subfield code="r">2022-12-26</subfield>
   <subfield code="t">1</subfield>
   <subfield code="v">377.32</subfield>
   <subfield code="w">2022-12-26</subfield>
   <subfield code="y">BK</subfield>
  </datafield>
 </record>
</collection>
